Capital, culture, and the commons (Record no. 359780)

MARC details
000 -LEADER
fixed length control field 00457 a2200181 4500
005 - DATE & TIME
control field 20250901141151.0
008 - FIXED-LENGTH DATA ELEMENTS--GENERAL INFORMATION
fixed length control field 250901b |||||||| |||| 00| 0 eng d
020 ## - ISBN
International Standard Book Number 9788178246611
Price Rs. 395.00
040 ## - CATALOGING SOURCE
Original cataloging agency VIVEKANANDA LIBRARY
082 ## - DDC NUMBER
Classification number 306.09
Book Number B492C
100 ## - MAIN ENTRY--PERSONAL NAME
Personal name Bilgrami, Akeel
245 ## - TITLE STATEMENT
Title Capital, culture, and the commons
260 ## - PUBLICATION, DISTRIBUTION, ETC. (IMPRINT)
Name of publisher, distributor, etc Orient Blackswan
Date of publication, distribution, etc 2022
Place of publication, distribution, etc Ranikhet
300 ## - PHYSICAL DESCRIPTION
Pages 107
650 ## - Subject
Subject Social Science
650 ## - Subject
Subject Culture
942 ## - ADDED ENTRY ELEMENTS (KOHA)
Koha item type Books
Holdings
Withdrawn status Lost status Source of classification or shelving scheme Damaged status Not for loan Location (home branch) Sublocation or collection (holding branch) Shelving location Date acquired Koha issues (times borrowed) Koha full call number Accession No. Koha date last seen Koha item type
    Dewey Decimal Classification     VIVEKANANDA LIBRARY VIVEKANANDA LIBRARY Vivekananda Library 21/01/2025 1 306.09 B492C 436683 18/09/2025 Books
© Designed and Maintained by Vivekananda Library, MDU Rohtak